000
00307nam a22001337a 4500
008
170921b xxu||||| |||| 00| 0 eng d
020
_a
9780823989461
041
_a
eng
080
_a
902
100
_a
45
101
_a
ARK
245
_a
ECONOMY AND INDUSTRY IN ANCIENT ROME
_c
GEDACHT,D.C
942
_2
udc
_c
BK
999
_c
28889
_d
28889